| 000 | 00513pab a2200205 454500 | ||
|---|---|---|---|
| 008 | 180718b2013 xxu||||| |||| 00| 0 eng d | ||
| 100 | _aSharma, Rachana | ||
| 245 | _aThe role of children and adolescents in buying decision | ||
| 260 | _c2013 | ||
| 300 | _ap.111-129. | ||
| 362 | _aSept | ||
| 650 | _aConsumption | ||
| 650 | _aYouth | ||
| 650 | _aChildren | ||
| 650 | _aDecision making | ||
| 700 | _aSharma, Ranjeet Kumar | ||
| 773 | _aIndian Social Science Review | ||
| 908 | _aN | ||
| 909 | _a104566 | ||
| 999 |
_c104562 _d104562 |
||